Culture Générale - Série 610 - Statistiques

Statistiques générales
  • Ce quiz a été pris 285 fois
  • Le résultat moyen est 8 sur 10
Statistiques - réponses
Question Réponse % Correct
Quelle est la traduction française du mot anglais "cheese", qui figure dans le nom : "cheeseburger" ? fromage
99%
Comment se nomme le célèbre portrait de Mona Lisa, réalisé par Léonard de Vinci ? La Joconde
98%
Que signifie le "Z" dans les acronymes ZAC, ZUP et ZEP ? zone
95%
Quel camélidé de la cordillère des Andes peut être “guanaco”, “vigogne” ou “alpaga” ? lama
91%
Selon la fable de Jean de La Fontaine, quelle plante plie et ne rompt pas ? roseau
91%
Quel bien de consommation est concerné par : la prime à la casse ? voiture
89%
A Rome, sous quel nom est plus connu l'amphithéâtre Flavien ? Colisée
80%
Quel est le prénom du "grand frère" qui aide les adolescents en difficulté dans une émission de TF1 ? Pascal
70%
Dans le film de Baz Luhrmann "Roméo + Juliette", quel acteur interprète Roméo ? Leonardo DiCaprio
51%
De quel célèbre roman écrit par Eugène Le Roy, Jacquou Ferral est-il le héros ? Jacquou le Croquant
48%
Aucun quiz correspondant
Distribution des résultats
% des personnes avec chaque résultat
Percentile par nombre de réponses
Votre historique - résultats
Vous n’avez pas pris ce quiz